000
00319nam a22001217a 4500
008
160425b xxu||||| |||| 00| 0 eng d
020
_a
9780766805026
020
_a
0766805026
041
_a
eng
080
_a
618.2
245
_a
Tharmacological aspects of nursing care;
_c
Barry S. Reiss ; Mary E. Evans;
942
_2
udc
_c
BK
999
_c
1577
_d
1577